000 00793nam a2200193 i 4500
001 100900
003 ES-MaACL
005 20230906182801.0
007 t|
008 051006s1965 sp ||||1| spa d
245 0 0 _aMatrícula y padrón de los caballeros hijosdalgo de esta muy noble y muy leal villa de Helorrio 1575-1831 /
_ctranscripción, comentarios y notas de Santos de Pagadigorría Múgica; prólogo de Fernando de Echegaray.
260 _aBilbao :
_bJunta de Cultura de Vizcaya,
_c1965.
300 _a390 p., 10 lám., 1 map. pleg. ;
_c24 cm.
651 4 _aElorrio-
_xHistoria.
_9157642
700 1 _aPagadigorría Múgica, Santos de.
_988244
700 1 _aEchegaray, Fernando de.
_946525
710 2 _aJunta de Cultura de Vizcaya.
_95386
852 _aES-MaACL
_jC-56570
_bR.89228
999 _c100900
_d100900